Religion Quiz

Random Religion or Famous Quiz

Bible Word Association Quiz Stats

 Plays Quiz Updated Oct 26, 2017

Challenge
Share
Tweet
Score 0/20 Timer 04:00
5 Plays Today
% Correct
Cain
97.4%
David
96.2%
Noah
96%
Eve
95%
Frankincense
93.9%
Samson
90.7%
Jonah
90.2%
Daniel
87.5%
Lot's Wife
85.3%
Jacob
82.6%
% Correct
Lazarus
78.6%
Seraphim
76.5%
Moses
73.4%
Wedding
63.8%
John the Baptist
60.5%
Levite
59.6%
Elijah
52.9%
Balaam
52.5%
Esther
51%
Belshazzar
38%

You're not logged in!

Compare scores with friends on all Sporcle quizzes.
OR
Log In

You Might Also Like...

Show Comments

Extras

Top Quizzes Today


Score Distribution

Your Account Isn't Verified!

In order to create a playlist on Sporcle, you need to verify the email address you used during registration. Go to your Sporcle Settings to finish the process.

Report this User

Report this user for behavior that violates our Community Guidelines.

Details: